00000000nam##2200000za#4500
0019.625356
003CaOODSP
00520200421163358
007ta
008150406|2000||||xxc|||||     f|0| 0 fre|d
020 |a0-662-84818-7
040 |aCaOODSP|bfre
043 |an-cn---
0861 |aNH18-23/58F
1102 |aSociété canadienne d'hypothèques et de logement.
24510|aLes conditions de logement des personnes ayant des problèmes de santé et des limitations d'activité au Canada, en 1991 : |brétrospective
260 |aOttawa - Ontario : |bSociété canadienne d'hypothèques et de logement
300 |a4p. ; |c28 cm.
4901 |aLe point en recherche. Série socio-économique|v58
563 |aDépliant
590 |a00-23|b2000-06-09
69107|aLogement subventionné|2gcpds
69107|aPersonne handicapée|2gcpds
77508|tThe housing conditions of persons with health and activity limitation in Canada, 1991 : |w(CaOODSP)9.615238
7760#|tLes conditions de logement des personnes ayant des problèmes de santé et des limitations d'activité au Canada, en 1991 : |w(CaOODSP)9.602164
830#0|aLe point en recherche. Série socio-économique ;|v58|w(CaOODSP)9.513180
986 |aLNH 2267